logo

Bir Sreshtho Munshi Abdur Rouf Library
Jhenaidah Cadet College

পরমাণুর রাজ্যে / (Record no. 1292)

MARC details
000 -LEADER
fixed length control field 00678nam a2200241 a 4500
001 - CONTROL NUMBER
JCCL Control Number 1292
003 - CONTROL NUMBER IDENTIFIER
JCCL marc code BD-JhCC
005 - DATE AND TIME OF LATEST TRANSACTION
control field 20171017192124.0
008 - FIXED-LENGTH DATA ELEMENTS--GENERAL INFORMATION
fixed length control field 171017s1999 bg a|||| ||a| 000 0 ben d
020 ## - INTERNATIONAL STANDARD BOOK NUMBER
International Standard Book Number 9844100062
035 ## - SYSTEM CONTROL NUMBER
system control number (BD-JhCC) 1292
040 ## - CATALOGING SOURCE
Original cataloging agency BD-JhCC
Modifying agency BD-JhCC
041 ## - LANGUAGE CODE
Language code of Book ben
082 ## - DEWEY DECIMAL CLASSIFICATION NUMBER
Classification number 539.757
Author mark and Year SAR 1999
100 ## - MAIN ENTRY--PERSONAL NAME
Personal name শরফুদ্দীন, মিনা
245 ## - TITLE STATEMENT
Title পরমাণুর রাজ্যে /
Statement of responsibility, etc মিনা শরফুদ্দীন
260 ## - PUBLICATION, DISTRIBUTION, ETC. (IMPRINT)
Place of publication, distribution, etc ঢাকা:
Name of publisher, distributor, etc মাওলা ব্রাদাস,
Date of publication, distribution, etc 1999
300 ## - PHYSICAL DESCRIPTION
Pagination 206 .:
Dimensions 22 cm.
650 ## - SUBJECT ADDED ENTRY--TOPICAL TERM
Topical term or geographic name as entry element Atom
651 ## - SUBJECT ADDED ENTRY--GEOGRAPHIC NAME
Geographic name Bangladesh
942 ## - ADDED ENTRY ELEMENTS (KOHA)
Source of classification or shelving scheme Dewey Decimal Classification
Koha item type Books
Holdings
Source of classification or shelving scheme Damaged status Not for loan Home library Current library Shelving location Date of accession Cost, normal purchase price Total Checkouts Full call number Barcode Date last seen Copy number Koha item type
Dewey Decimal Classification     JCC Rouf Library JCC Rouf Library General Stacks 10/17/2017 120.00   539.757 SAR 1999 2192 10/17/2017 C-1 Books
Dewey Decimal Classification     JCC Rouf Library JCC Rouf Library General Stacks 02/27/2018 120.00   539.757 SAR 1999 10458 02/27/2018 C-2 Books

JCC Library | Contacts | JCC Home

Last Update on 23 September 2017
Copyright @ 2017-2020 JCC Rouf Library
Rouf Library, Jhenidah Cadet College (JCC), Bangladesh